[Event "Bastiais Master 5th"]
[Site "Bastia"]
[Date "2007.03.??"]
[Round "?"]
[White "Capitanio, Patrice"]
[Black "Battesti, Saveriu"]
[Result "0-1"]
[WhiteElo "1920"]
[BlackElo "1913"]
[PlyCount "60"]
[EventDate "2007.03.??"]
[EventType "swiss"]
[EventRounds "9"]
[EventCountry "FRA"]
[SourceTitle "CBM 117 Extra"]
[Source "ChessBase"]
[SourceDate "2007.05.09"]
[SourceVersion "1"]
[SourceVersionDate "2007.05.09"]
[SourceQuality "1"]

1. e4 c5 2. Nf3 Nc6 3. d4 cxd4 4. c3 dxc3 5. Nxc3 d6 6. Bc4 Nf6 7. e5 dxe5 8. Qxd8+ Nxd8 9. Nb5 Rb8 10. Nxe5 e6 11. Be3 Bb4+ 12. Ke2 a6 13. Nc7+ Ke7 14. Ba7 b5 15. Bxb8 bxc4 16. Rhd1 Bb7 17. Rd4 Bd6 18. Nxa6 Bxe5 19. Bxe5 Bxa6 20. Rd6 Bb7 21. Rb6 Nd5 22. Rb5 f6 23. Bd4 Nf4+ 24. Kd2 Bxg2 25. a4 e5 26. Be3 Nde6 27. Bxf4 Nxf4 28. Ke3 Rd8 29. f3 Rd3+ 30. Kf2 Rxf3+ 0-1

[Event "Bastiais Master 5th"]
[Site "Bastia"]
[Date "2007.03.??"]
[Round "?"]
[White "Vilaisarn, Akkhavanh"]
[Black "Capitanio, Patrice"]
[Result "1-0"]
[WhiteElo "2205"]
[BlackElo "1920"]
[PlyCount "53"]
[EventDate "2007.03.??"]
[EventType "swiss"]
[EventRounds "9"]
[EventCountry "FRA"]
[SourceTitle "CBM 117 Extra"]
[Source "ChessBase"]
[SourceDate "2007.05.09"]
[SourceVersion "1"]
[SourceVersionDate "2007.05.09"]
[SourceQuality "1"]

1. c4 g6 2. Nc3 Bg7 3. e4 e5 4. g3 Ne7 5. Bg2 0-0 6. Nge2 d6 7. 0-0 c5 8. d3 Nbc6 9. a3 a6 10. Nd5 Nxd5 11. cxd5 Ne7 12. Be3 f5 13. Qd2 Rf7 14. f3 Qf8 15. b4 b6 16. a4 a5 17. bxc5 bxc5 18. Rfb1 Ba6 19. Nc3 fxe4 20. dxe4 Nc8 21. Nb5 Rxf3 22. Bxf3 Qxf3 23. Nc7 Ra7 24. Nxa6 Rxa6 25. Rb8 Qg4 26. Rab1 h5 27. Qd1 1-0